000 00970nam a22003737a 4500
001 BR2014005661
003 BR-BrBNA
005 20230928104504.0
007 ta
008 230509b bl.||||| |||| 00| 0 por d
040 _aBR-BrBNA
_bpor
_cBiblioteca Nacional de Agricultura
041 _a(Por)
072 _aA01; E14
090 _ A01 BR2014005661
100 1 _aSeibt, P.
100 1 _aMuller, I.D.R.
100 1 _aLiberman, R.
245 1 _aAnuário Brasileiro da Agricultura Familiar 2014
260 3 _bBota Amarela,
_c2014.
300 _a574 p.
650 _aAGRICULTURA FAMILIAR
650 _aASSISTÊNCIA RURAL
650 _aPOLÍTICAS PÚBLICAS
650 _aCRÉDITO RURAL
650 _aCRIAÇÃO
650 _aDESENVOLVIMENTO SUSTENTÁVEL
650 _aCAPACITAÇÃO
650 _aCOOPERATIVISMO
650 _aTECNOLOGIA
650 _aMEIO AMBIENTE
650 _aTURISMO
909 _a202309
_bLucia
_c55
_dLucia Elande
942 _cBK
999 _c80197
_d80197